00407nam a2200145Ia 4500008004100000020001800041041000800059082001600067100002500083245005000108250000600158260006200164300001200226650002300238210716s2012 xx 000 0 und d a9788120343368 aeng a374.22 GODE aGoldratt, Eliyahu M. aGoal II: it is not a luck.bIt is not a luck. a2 aMadrasbProductivity and Quality Publishing Pvt Ltdc2012 axii;283 aGeneral Management